000 00903nam a2200217Ia 4500
999 _c34824
_d34824
001 635
003 GE_BSU
005 20211130125046.0
008 181216s2008||||ge |||||||||||||| ||geo||
040 _cGE_BSU
041 _ageo
080 _a330.15 ლ-42
100 _aლემონჯავა, პ.
_910476
245 _aგარემოს დაცვისა და ბუნების გამოყენების აქტუალური ეკონომიკური პოლიტიკა /
_cპ.ლემონჯავა; რედ. ა. აბრალავა.
264 _aთბილისი,
_c2008.
300 _a179 გვ.
653 _aგარემოს დაცვა
653 _aეკონომიკური პოლიტიკა
700 _aაბრალავა, ა.
_eრედაქტორი
_912856
942 _cBK
_2udc